International business

Guardado en:
Detalles Bibliográficos
Autor principal: Csikósová, Adriana
Otros Autores: Mihalčová, Bohuslava, 1963-, Antošová, Mária, 1965-, Pružinský, Michal, 1952-, Čulková, Katarína
Formato: Libro
Lenguaje:inglés
Publicado: Ostrava VŠB Ostrava - Technical University of Ostrava 2015
Edición:1st ed.
Materias:
Etiquetas: Agregar Etiqueta
Sin Etiquetas, Sea el primero en etiquetar este registro!

MARC

LEADER 00000nam a2200000 4500
001 0203762
005 20240502083512.1
020 |a 978-80-248-3737-6 
041 0 |a eng 
044 |a CZ 
245 1 0 |a International business  |c Adriana Csikósová, Bohuslava Mihalčová, Mária Antošová ; reviewers: Michal Pružinský, Katarína Čulková 
250 |a 1st ed. 
264 1 |a Ostrava  |b VŠB Ostrava - Technical University of Ostrava  |c 2015 
300 |a 71 s. [3,55 AH] 
610 2 0 |a podnikanie medzinárodné 
610 2 0 |a trh svetový 
610 2 0 |a hospodárstvo svetové 
610 2 0 |a ropa 
610 2 0 |a Slovensko 
610 2 0 |a infraštruktúra 
610 2 0 |a integrácia ekonomická medzinárodná 
610 2 0 |a Európska únia 
610 2 0 |a rozvoj regionálny 
610 2 0 |a trh domáci 
610 2 0 |a priemysel 
610 2 0 |a konkurencia medzinárodná 
610 2 0 |a stratégia obchodná 
610 2 0 |a vývoz 
610 2 0 |a trh zahraničný 
610 2 0 |a služby 
100 1 |a Csikósová, Adriana 
700 1 |a Mihalčová, Bohuslava, 1963- 
700 1 |a Antošová, Mária, 1965- 
700 1 |a Pružinský, Michal, 1952- 
700 1 |a Čulková, Katarína